00493nam a2200157Ia 4500008004100000020001500041041000800056082001900064100005500083245007200138250000600210260003600216300001300252650001500265700005500280210716s2006 xx 000 0 und d a0761933638 aeng a658.00954 DAVH aDavis, Herbert, J;Chatterjee, Samir R;Heuer, Mark. aManagement in India: trends and transition.bTrends and transition. a1 aNew DelhibResponse Booksc2006 axiii,441 aMANAGEMENT aChatterjee, Samir R;Davis, Herbert, J;Heuer, Mark.